Click to Match US Cities to States - Statistics

General Stats
  • This quiz has been taken 136 times
  • The average score is 28 of 50
Answer Stats
Hint Answer % Correct
Honolulu Hawaii
85%
Reno Nevada
80%
Tulsa Oklahoma
76%
Yonkers New York
74%
Akron Ohio
72%
New Haven Connecticut
71%
Tacoma Washington
71%
Las Cruces New Mexico
70%
Eugene Oregon
70%
Amarillo Texas
70%
Huntsville Alabama
69%
Chattanooga Tennessee
69%
Casper Wyoming
66%
Tempe Arizona
65%
Fargo North Dakota
65%
Macon Georgia
64%
Burlington Vermont
64%
Erie Pennsylvania
63%
Sioux Falls South Dakota
63%
Wilmington Delaware
62%
Winston-Salem North Carolina
62%
Arlington Virginia
62%
Stockton California
60%
Duluth Minnesota
60%
Biloxi Mississippi
59%
Sitka Alaska
58%
Joliet Illinois
56%
Paterson New Jersey
56%
Kenosha Wisconsin
56%
Charleston South Carolina
55%
Port St. Lucie Florida
52%
Portland Maine
52%
Fort Smith Arkansas
51%
Fort Collins Colorado
51%
Nashua New Hampshire
50%
Morgantown West Virginia
49%
Bowling Green Kentucky
47%
Davenport Iowa
45%
Overland Park Kansas
45%
Cranston (Pawtuxet) Rhode Island
45%
Pocatello Idaho
44%
Lake Charles Louisiana
43%
West Valley City Utah
43%
Muncie Indiana
42%
Battle Creek Michigan
42%
Great Falls Montana
40%
Fall River Massachusetts
34%
Grand Island Nebraska
31%
Germantown Maryland
30%
Lee's Summit Missouri
22%
No matching quizzes found
Score Distribution
Percent of People with Each Score
Percentile by Number Answered
Your Score History
You have not taken this quiz